| 000 | 00861nam a2200289Ia 4500 | ||
|---|---|---|---|
| 003 | OSt | ||
| 005 | 20220912145100.0 | ||
| 006 | a|||||r|||| 00| 0 | ||
| 007 | ta | ||
| 008 | 220909b |||||||| |||| 00| 0 eng d | ||
| 020 | _a9788181281227 (pbk) | ||
| 024 | _a83743 | ||
| 037 | _b244, 03/01/2009, Dhanraj Book House | ||
| 037 | _cTextual | ||
| 040 |
_aCSL _beng _cCSL |
||
| 041 | _aeng | ||
| 082 | _aC6:212, P1;3 | ||
| 100 | _aHamaguchi Chihiro | ||
| 245 | 0 | _aBasic semiconductor physics | |
| 260 |
_aBerlin _bSpringer _c2001 |
||
| 300 |
_axii, 434p. _ccm. |
||
| 500 | _aAppendices A-E, 401-418p.; References 419-428p.; Index 429-434p. | ||
| 650 | _aPhysics | ||
| 942 |
_hC6:212, P1;3 _cTEXL _2CC |
||
| 999 |
_c22786 _d22786 |
||